<?xml version="1.0" encoding="UTF-8"?><?xml-stylesheet type="text/xsl" href="static/style.xsl"?><OAI-PMH xmlns="http://www.openarchives.org/OAI/2.0/" xmlns:xsi="http://www.w3.org/2001/XMLSchema-instance" xsi:schemaLocation="http://www.openarchives.org/OAI/2.0/ http://www.openarchives.org/OAI/2.0/OAI-PMH.xsd"><responseDate>2026-04-14T02:16:16Z</responseDate><request verb="GetRecord" identifier="oai:www.recercat.cat:20.500.14007/5881" metadataPrefix="marc">https://recercat.cat/oai/request</request><GetRecord><record><header><identifier>oai:recercat.cat:20.500.14007/5881</identifier><datestamp>2026-04-01T08:08:17Z</datestamp><setSpec>com_2072_116593</setSpec><setSpec>com_2072_5211</setSpec><setSpec>col_2072_481483</setSpec></header><metadata><record xmlns="http://www.loc.gov/MARC21/slim" xmlns:dcterms="http://purl.org/dc/terms/" xmlns:xsi="http://www.w3.org/2001/XMLSchema-instance" xmlns:doc="http://www.lyncode.com/xoai" xsi:schemaLocation="http://www.loc.gov/MARC21/slim http://www.loc.gov/standards/marcxml/schema/MARC21slim.xsd">
   <leader>00925njm 22002777a 4500</leader>
   <datafield ind2=" " ind1=" " tag="042">
      <subfield code="a">dc</subfield>
   </datafield>
   <datafield ind2=" " ind1=" " tag="720">
      <subfield code="a">Requena Hidalgo, Jesús</subfield>
      <subfield code="e">author</subfield>
   </datafield>
   <datafield ind2=" " ind1=" " tag="720">
      <subfield code="a">Miró Montardit, Alexandre</subfield>
      <subfield code="e">author</subfield>
   </datafield>
   <datafield ind2=" " ind1=" " tag="260">
      <subfield code="c">2026-01-28</subfield>
   </datafield>
   <datafield ind2=" " ind1=" " tag="520">
      <subfield code="a">El "depolicing" fa referència al retraïment o a l'evitació d’actuar per part dels agents de policia en situacions que consideren especialment compromeses, delicades o perilloses. Aquest comportament implica una disminució d'intervencions proactives, sovint motivada per la por a conseqüències disciplinàries, judicials, mediàtiques o a conflictes amb la ciutadania.&#xd;
L'objectiu de l’estudi és analitzar fins a quin punt aquest fenomen existeix dins les organitzacions policials catalanes i identificar els factors que influeixen en les percepcions dels agents sobre el "depolicing". Això inclou tant elements organitzatius (protocols, suport institucional, cultura interna) com contextuals (pressió social, escrutini públic o riscos inherents al servei)</subfield>
   </datafield>
   <datafield ind1="8" ind2=" " tag="024">
      <subfield code="a">Requena Hidalgo, J., &amp; Miró Montardit, A. (2026). La percepción de depolicing en los mandos de la policía catalana. Revista Española De Investigación Criminológica, 23(1), e978. https://doi.org/10.46381/reic.v23i1.978</subfield>
   </datafield>
   <datafield ind1="8" ind2=" " tag="024">
      <subfield code="a">1696-9219</subfield>
   </datafield>
   <datafield ind1="8" ind2=" " tag="024">
      <subfield code="a">https://hdl.handle.net/20.500.14007/5881</subfield>
   </datafield>
   <datafield ind1="8" ind2=" " tag="024">
      <subfield code="a">https://doi.org/10.46381/reic.v23i1.978</subfield>
   </datafield>
   <datafield tag="653" ind2=" " ind1=" ">
      <subfield code="a">Psicologia policial</subfield>
   </datafield>
   <datafield tag="653" ind2=" " ind1=" ">
      <subfield code="a">Ciutadania</subfield>
   </datafield>
   <datafield tag="653" ind2=" " ind1=" ">
      <subfield code="a">Gestió de conflictes</subfield>
   </datafield>
   <datafield tag="653" ind2=" " ind1=" ">
      <subfield code="a">Policia (Catalunya)--Actituds</subfield>
   </datafield>
   <datafield tag="653" ind2=" " ind1=" ">
      <subfield code="a">Caps de policia (Catalunya)</subfield>
   </datafield>
   <datafield tag="653" ind2=" " ind1=" ">
      <subfield code="a">Policia (Catalunya)--Opinió pública</subfield>
   </datafield>
   <datafield ind2="0" ind1="0" tag="245">
      <subfield code="a">La percepción de depolicing en los mandos de la policía catalana (2025)</subfield>
   </datafield>
</record></metadata></record></GetRecord></OAI-PMH>